000 00547 a2200157 4500
005 20250626135037.0
020 _a0-7879-5666-X
082 _a658.4'06 BES.
100 _aBEST PRACTICES IN ORGANIZATION DEVELOPMENT AND CHANGE.
245 _aBest Practices In Organization Development and Change: Culture. Leadership. Retention. Performance,
250 _a5th Ed.
260 _aNew York,
_bJOSSEY- BASS/PFEIFFER A Wiley Company,
_c2001.
300 _axx.;551p:ill.; figure,
_bIndex,
_c24cm.
700 _aCARTYER, L. [...et al...]
942 _2ddc
_cBKS
999 _c5371
_d5371